Online Catalogue and eLibrary

Sanniwedhana gaweshana (Record no. 1132)

MARC details
000 -LEADER
fixed length control field 00399nam a2200157Ia 4500
005 - DATE AND TIME OF LATEST TRANSACTION
control field 20250520020659.0
008 - FIXED-LENGTH DATA ELEMENTS--GENERAL INFORMATION
fixed length control field 240331s9999 xx 000 0 und d
020 ## - INTERNATIONAL STANDARD BOOK NUMBER
ISBN 9559512846
082 ## - DDC Classification
Class No. 302.23
Item Number - Author Mark MAH
100 ## - MAIN ENTRY--PERSONAL NAME
Personal name Mahendra, S
245 #0 - TITLE STATEMENT
Title Sanniwedhana gaweshana
260 ## - PUBLICATION, DISTRIBUTION, ETC.
Place of publication, distribution, etc. Colombo
Name of publisher, distributor, etc. Udaya Publication
Date of publication, distribution, etc. 1991
300 ## - PHYSICAL DESCRIPTION
Extent (e.g. Volumes, Pages etc.) 80 p .,
500 ## - GENERAL NOTE
General note A Book of Communication Research
942 ## - Koha item type (Biblio)
Koha item type Books in Stacks (Lending)
Holdings
Lost status Damaged status Collection code Home library Current library Shelving location Date acquired Full call number Accession Number Item type
    Lending WERC Library WERC Library Social Science Cupboard 03/31/2024 302.23 MAH 2096 Books in Stacks (Lending)

© WERC Library